[Event "AUTO-ADV-1298"]
[Site "http://www.queenalice.com/game.php?id=574999"]
[Date "2009.4.20"]
[Round "1"]
[White "otax"]
[Black "chunyi2012"]
[Result "1-0"]
[WhiteElo "1701"]
[BlackElo "1986"]

1. d4 d5 2. c4 c6 3. Nc3 dxc4 4. a4 Nf6 5. Bg5 Nd5 6. e3 h6 7. Bh4 Nxc3 8. bxc3
Qd5 9. Nf3 Nd7 10. Be2 a5 11. O-O b5 12. axb5 cxb5 13. Nd2 Bb7 14. Bf3 Qd6 15.
Bxb7 Ra7 16. Bf3 e6 17. Bg3 Qb6 18. Qb1 Be7 19. Rc1 O-O 20. Be5 Rc8 21. Qb2 b4
22. cxb4 axb4 23. Rxc4 Rxa1+ 24. Qxa1 Rd8 25. Bc7 Qb5 26. Bxd8 Bxd8 27. Bc6 Qg5
28. Bxd7 Be7 29. Qb1 g6 30. Ba4 Kg7 31. Nb3 Qd5 32. Nd2 Qa5 33. Bb3 Qb5 34. Qe4
Qa5 35. Qe5+ Qxe5 36. dxe5 h5 37. Nf3 g5 38. Nd4 1-0

[Event "AUTO-ADV-1298"]
[Site "http://www.queenalice.com/game.php?id=575000"]
[Date "2009.4.20"]
[Round "1"]
[White "chunyi2012"]
[Black "otax"]
[Result "1-0"]
[WhiteElo "1977"]
[BlackElo "1698"]

1. e4 e6 2. Nf3 Nc6 3. Bc4 Na5 4. Qe2 Nxc4 5. Qxc4 Nf6 6. d3 Be7 7. Nc3 O-O 8.
O-O c6 9. a3 a6 10. h3 b5 11. Qa2 Bb7 12. Be3 Rc8 13. Ne2 c5 14. c4 d6 15. Rac1
bxc4 16. Qxc4 Qb6 17. Rc2 Rc7 18. b4 Qc6 19. Rfc1 Rfc8 20. bxc5 dxc5 21. Ne5 Qb6
22. Nc3 Qa5 23. Qb3 c4 24. Nxc4 Qh5 25. a4 a5 26. e5 Qg6 27. g3 Ne8 28. Nb5 Rd7
29. Nd4 Rcd8 30. Nxa5 Ba8 31. Nac6 Bxc6 32. Nxc6 Rxd3 33. Nxe7+ 1-0

[Event "AUTO-ADV-1041"]
[Site "http://www.queenalice.com/game.php?id=593331"]
[Date "2009.5.25"]
[Round "2"]
[White "otax"]
[Black "Eduarte"]
[Result "0-1"]
[WhiteElo "1730"]
[BlackElo "1904"]

1. d4 Nf6 2. c4 e6 3. Nc3 c5 4. e3 Nc6 5. Bd3 d5 6. Nf3 Be7 7. O-O O-O 8. Qc2
Nb4 9. Qb1 a6 10. a3 dxc4 11. Bxc4 cxd4 12. Nxd4 Nc6 13. Nce2 Qc7 14. Qc2 Nxd4
15. Nxd4 b6 16. Nf5 Bb7 17. Nxe7+ Qxe7 18. Bd2 Rac8 19. Qb3 Ne4 20. Bb4 Qg5 21.
f3 Nc5 22. Bd2 Nxb3 0-1

[Event "AUTO-ADV-1041"]
[Site "http://www.queenalice.com/game.php?id=593332"]
[Date "2009.5.25"]
[Round "2"]
[White "Eduarte"]
[Black "otax"]
[Result "1-0"]
[WhiteElo "1912"]
[BlackElo "1721"]

1. c4 Nf6 2. Nc3 e6 3. g3 d5 4. d3 c6 5. Bg2 Nbd7 6. e3 a6 7. Nge2 Be7 8. O-O
O-O 9. b3 b5 10. e4 dxc4 11. dxc4 Bb7 12. Kh1 Qc7 13. Bb2 b4 14. Na4 a5 15. f4
e5 16. Qd3 Rfd8 17. Qf3 Bd6 18. Rad1 exf4 19. gxf4 Ne8 20. Rd3 c5 21. Rfd1 Rac8
22. Qg3 f6 23. Qg4 Nf8 24. Kg1 Ng6 25. Bc1 Kh8 26. h4 Bxf4 27. Nxf4 Ne5 28. Ne6
Nxg4 29. Nxc7 Rxd3 30. Rxd3 Nxc7 31. Nb6 Re8 32. Rd7 1-0

[Event "AUTO-ADV-1041"]
[Site "http://www.queenalice.com/game.php?id=593335"]
[Date "2009.5.25"]
[Round "2"]
[White "otax"]
[Black "MalucoO"]
[Result "0-1"]
[WhiteElo "1728"]
[BlackElo "1875"]

1. d4 d5 2. c4 e6 3. Nc3 c6 4. e3 Nf6 5. cxd5 exd5 6. Nf3 Be7 7. Bd3 O-O 8. O-O
Bg4 9. a4 Nbd7 10. Be2 Re8 11. Re1 Bd6 12. b3 Ne4 13. Nxe4 dxe4 14. Nd2 Bf5 15.
Qc2 Qh4 16. g3 Qh6 17. Bf3 Nf6 18. Bg2 Ng4 19. h3 Nf6 20. Nc4 Bb4 21. Rd1 Bxh3
22. Bh1 Bg4 23. Rf1 Bf3 24. Bxf3 exf3 0-1

[Event "AUTO-ADV-1041"]
[Site "http://www.queenalice.com/game.php?id=593336"]
[Date "2009.5.25"]
[Round "2"]
[White "MalucoO"]
[Black "otax"]
[Result "1-0"]
[WhiteElo "1818"]
[BlackElo "1713"]

1. e4 e6 2. d4 d5 3. Nc3 c5 4. exd5 exd5 5. Nf3 Nc6 6. Bb5 Bd7 7. O-O Nf6 8.
dxc5 Bxc5 9. Nxd5 O-O 10. Nxf6+ gxf6 11. Bh6 Re8 12. Qd5 Be7 13. Rad1 Be6 14.
Qh5 Qa5 15. Qh4 Kh8 16. Bd3 1-0

[Event "Challenge"]
[Site "http://www.queenalice.com/game.php?id=596070"]
[Date "2009.5.30"]
[Round "-"]
[White "Marivaldo"]
[Black "otax"]
[Result "1-0"]
[WhiteElo "1743"]
[BlackElo "1713"]

1. d4 d5 2. Bf4 e6 3. a3 c5 4. e3 Nc6 5. Nc3 Nf6 6. Nb5 a6 7. Nc7+ Kd7 8. Nxa8
b5 9. Nc7 Bd6 10. Nxb5 axb5 11. Bxd6 Kxd6 12. dxc5+ Ke7 13. Bxb5 Qa5+ 14. b4
Qxb5 15. Ne2 Ba6 16. c3 Ne4 17. a4 Qxe2+ 18. Qxe2 Bxe2 19. Kxe2 Nxc3+ 20. Kd3
Ne4 21. Rhb1 Nxf2+ 22. Ke2 Ne4 23. Rb3 Rb8 24. Rab1 Kd8 25. Kd3 Na5 26. R3b2 Nc6
27. Kc2 Kc8 28. b5 Nxc5 29. bxc6 Rxb2+ 30. Rxb2 Nxa4 31. Rb7 1-0

[Event "Challenge"]
[Site "http://www.queenalice.com/game.php?id=596071"]
[Date "2009.5.30"]
[Round "-"]
[White "otax"]
[Black "Marivaldo"]
[Result "1-0"]
[WhiteElo "1704"]
[BlackElo "1778"]

1. d4 d5 2. c4 c6 3. Nc3 dxc4 4. a4 Bd7 5. e3 b5 6. axb5 cxb5 7. b3 b4 8. Na2
cxb3 9. Qxb3 Qa5 10. Bd2 Ba4 11. Qxb4 Qxb4 12. Nxb4 Bd7 13. Be2 e6 14. Bf3 Bxb4
15. Bxb4 Bc6 16. Bxc6+ Nxc6 17. Bc5 Nge7 18. Nf3 O-O 19. Ne5 Rfe8 20. Nxc6 Nxc6
21. O-O Red8 22. f4 Rd7 23. g3 g6 24. Ra6 Nb8 25. Ra4 Rb7 26. Rc1 Nd7 27. Ba3
Nf6 28. Kg2 Ng4 29. Kf3 h5 30. h3 Nf6 31. Bd6 Rb3 32. Be5 Nd5 33. Re1 Nb6 34.
Ra2 Nc4 35. Bf6 a5 36. g4 hxg4+ 37. hxg4 a4 38. Rh2 Kf8 39. Rh8# 1-0

[Event "AUTO-OPEN-1603"]
[Site "http://www.queenalice.com/game.php?id=610605"]
[Date "2009.6.29"]
[Round "1"]
[White "otax"]
[Black "Boeing"]
[Result "0-1"]
[WhiteElo "1714"]
[BlackElo "1839"]

1. d4 e6 2. c4 c5 3. e3 cxd4 4. exd4 Bb4+ 5. Bd2 Bxd2+ 6. Nxd2 Nf6 7. Ngf3 O-O
8. Qc2 h6 9. Be2 b6 10. O-O a5 11. Rac1 a4 12. a3 Ba6 13. Qxa4 Nc6 14. Qc2 Re8
15. Rfe1 e5 16. dxe5 Nxe5 17. Nxe5 Rxe5 18. Bf3 Rxe1+ 19. Rxe1 Rc8 20. b3 b5 21.
Be2 Qe7 22. Kf1 Qd6 23. Qc3 Qxh2 24. Bf3 Qh1+ 25. Ke2 Re8+ 0-1

[Event "AUTO-OPEN-1603"]
[Site "http://www.queenalice.com/game.php?id=610606"]
[Date "2009.6.29"]
[Round "1"]
[White "Boeing"]
[Black "otax"]
[Result "1-0"]
[WhiteElo "1826"]
[BlackElo "1703"]

1. e4 e6 2. e5 d5 3. exd6 Bxd6 4. Nf3 Nf6 5. d3 Nbd7 6. Bg5 O-O 7. Nc3 a6 8. Ne4
Be7 9. Bxf6 Bxf6 10. c3 Be7 11. d4 b5 12. Bd3 Bb7 13. O-O c5 14. dxc5 f5 15. Ng3
Nxc5 16. Bc2 Bd6 17. Bb3 Nxb3 18. axb3 Bd5 19. b4 f4 20. Ne2 Bxf3 21. gxf3 Rf5
22. Nd4 Rd5 23. Qe2 Qg5+ 24. Kh1 Re8 25. Rg1 Qh6 26. Rxa6 1-0

[Event "AUTO-OPEN-1603"]
[Site "http://www.queenalice.com/game.php?id=610607"]
[Date "2009.6.29"]
[Round "1"]
[White "otax"]
[Black "Ozimarjr"]
[Result "1-0"]
[WhiteElo "1730"]
[BlackElo "1369"]

1. d4 d5 2. c4 dxc4 3. Nc3 Bf5 4. e4 Bxe4 5. Nxe4 Qd5 6. Nc3 Qd7 7. Qf3 Nc6 8.
Be3 Nb4 9. Rc1 Nd3+ 10. Bxd3 cxd3 11. Qxb7 Qd8 12. Qb5+ Qd7 13. Qxd7+ Kxd7 14.
Nf3 e6 15. Ne5+ Ke7 16. Nxd3 Nf6 17. O-O Ng4 18. Bf4 Rd8 19. Ne2 Rd5 20. Rxc7+
Rd7 21. Rfc1 h5 22. h3 Nf6 23. Ne5 Nd5 24. Rxd7+ Kf6 25. Rxf7# 1-0

[Event "AUTO-OPEN-1603"]
[Site "http://www.queenalice.com/game.php?id=610608"]
[Date "2009.6.29"]
[Round "1"]
[White "Ozimarjr"]
[Black "otax"]
[Result "0-1"]
[WhiteElo "1344"]
[BlackElo "1702"]

1. e4 e6 2. d4 d5 3. Bb5+ Bd7 4. Bxd7+ Nxd7 5. exd5 exd5 6. Qe2+ Be7 7. Nf3 Ngf6
8. O-O O-O 9. Ng5 Re8 10. Bf4 Bd6 11. Qb5 Bxf4 12. Qxb7 Bxg5 13. Nc3 Nb6 14. Nb5
Qb8 15. Qxc7 Nbd7 16. Qc3 Qxb5 17. Qc7 Qxb2 18. Rfb1 Qxd4 19. g3 Ng4 20. Qxd7
Qxf2+ 21. Kh1 Qxh2# 0-1

[Event "AUTO-OPEN-1603"]
[Site "http://www.queenalice.com/game.php?id=610609"]
[Date "2009.6.29"]
[Round "1"]
[White "otax"]
[Black "Esoj70"]
[Result "1-0"]
[WhiteElo "1712"]
[BlackElo "1098"]

1. d4 Nf6 2. c4 g6 3. Nc3 Bg7 4. e4 d6 5. Bd3 e5 6. d5 a5 7. Qc2 Na6 8. a3 Nc5
9. Nge2 a4 10. f4 exf4 11. Bxf4 O-O 12. O-O Nfd7 13. Rf3 Nxd3 14. Qxd3 1-0

[Event "AUTO-OPEN-1603"]
[Site "http://www.queenalice.com/game.php?id=610610"]
[Date "2009.6.29"]
[Round "1"]
[White "Esoj70"]
[Black "otax"]
[Result "0-1"]
[WhiteElo "1098"]
[BlackElo "1714"]

1. d4 d5 2. c4 e6 3. Nc3 Bb4 4. e3 Nc6 5. a3 Bxc3+ 6. bxc3 Nge7 7. Bd3 dxc4 8.
Bxc4 O-O 9. Nf3 a6 10. O-O b5 11. Bd3 Bb7 12. e4 Na5 13. e5 f6 0-1

[Event "AUTO-INT-1278"]
[Site "http://www.queenalice.com/game.php?id=625711"]
[Date "2009.7.27"]
[Round "2"]
[White "otax"]
[Black "majersesc"]
[Result "0-1"]
[WhiteElo "1714"]
[BlackElo "2197"]

1. d4 Nf6 2. c4 g6 3. Nc3 Bg7 4. e4 d6 5. Bd3 c6 6. d5 Nbd7 7. Nge2 Ne5 8. Bc2
Nxc4 9. f4 cxd5 10. Nxd5 Nxd5 11. Qxd5 Nb6 12. Qd2 Bd7 13. O-O O-O 14. Bb3 Ba4
15. Bc2 Bxc2 16. Qxc2 Rc8 17. Qd2 Nc4 18. Qb4 Qd7 19. Rb1 a5 20. Qb3 b5 21. Rd1
Rfd8 0-1

[Event "AUTO-INT-1278"]
[Site "http://www.queenalice.com/game.php?id=625712"]
[Date "2009.7.27"]
[Round "2"]
[White "majersesc"]
[Black "otax"]
[Result "1-0"]
[WhiteElo "2240"]
[BlackElo "1716"]

1. d4 d5 2. c4 e6 3. Nc3 Bb4 4. Nf3 Nf6 5. e3 c5 6. a3 Ba5 7. Ne5 O-O 8. dxc5
Bxc3+ 9. bxc3 Nc6 10. Nxc6 bxc6 11. Qa4 Qc7 12. Bd3 Nd7 13. Qc2 Nf6 14. a4 a5
15. O-O Rd8 16. Ba3 h6 17. Rae1 Ng4 18. g3 Ba6 19. Be2 Ne5 20. cxd5 cxd5 21. f4
Bxe2 22. Rxe2 Nc4 23. Bc1 Qxc5 24. Kg2 Rdc8 25. e4 dxe4 26. Rxe4 Qc6 27. Rf3 Nd6
28. Re5 Nf5 29. Qe4 1-0

[Event "AUTO-INT-1278"]
[Site "http://www.queenalice.com/game.php?id=625713"]
[Date "2009.7.27"]
[Round "2"]
[White "otax"]
[Black "karlusvr"]
[Result "0-1"]
[WhiteElo "1716"]
[BlackElo "2089"]

1. d4 Nf6 2. c4 e6 3. Nc3 c5 4. e3 d5 5. Nf3 Be7 6. Qc2 a6 7. a4 O-O 8. b3 Nc6
9. Ba3 b6 10. Be2 Bb7 11. O-O Qc7 12. Rac1 Rac8 13. Nd2 Rfd8 14. Rfd1 cxd4 15.
exd4 dxc4 16. Bxe7 Qxe7 17. Bxc4 Nxd4 0-1

[Event "AUTO-INT-1278"]
[Site "http://www.queenalice.com/game.php?id=625714"]
[Date "2009.7.27"]
[Round "2"]
[White "karlusvr"]
[Black "otax"]
[Result "1-0"]
[WhiteElo "2102"]
[BlackElo "1718"]

1. e4 e6 2. d4 d5 3. exd5 exd5 4. Bd3 Nc6 5. c3 Nf6 6. Ne2 Bd6 7. O-O O-O 8. Bg5
Be7 9. Nd2 Re8 10. Ng3 a6 11. Nh5 h6 12. Nxf6+ Bxf6 13. Bf4 Bg5 14. Qf3 Bxf4 15.
Qxf4 Be6 16. Qg3 Qf6 17. Qxc7 1-0